Bookworm short stories 45

Bibliographic Details
Format: Book
Published: Singapore : Bookworm Publishing , 1993
Subjects:

MARC

LEADER 00000cam a2200000 7i4500
001 0000008727
002 000009509
005 20000330.0
020 |a 9813023058 
090 0 0 |a JF   |b BOO 
245 1 0 |a Bookworm short stories 45 
260 |a Singapore :   |b Bookworm Publishing ,   |c 1993 
300 |a 75p. :   |b ill. ;   |c 21cm. 
650 0 0 |a Children's stories 
999 |a 050785   |b BUKU   |c PINJAMAN   |e PERPUSTAKAAN KOMUNITI PETALING JAYA 
999 |a 050786   |b BUKU   |c PINJAMAN   |e PERPUSTAKAAN KOMUNITI PETALING JAYA 
999 |a 050787   |b BUKU   |c PINJAMAN   |e PERPUSTAKAAN KOMUNITI PETALING JAYA